Представление документа в формате MARC21

Поле Инд. ПП Название Значение
Тип записи a
Библиографический уровень b
001 Контрольный номер RU/IS/BASE/191429707
005 Дата корректировки 20221123160357.3
008 Кодируемые данные 20060124
084 a Индекс другой классификации/Индекс ББК 65.02
100 1_ a Автор Алескеров Ф. Т.
245 10 a Заглавие Роберт Ауман и Томас Шеллинг - Нобелевские лауреаты по экономике 2005 года
504 a Библиография Список осн. работ Р. Аумана и Т. Шеллинга в конце статьи
600 14 a Персоналии Ауман Роберт Джон Исраэль
a Персоналии Шеллинг Томас
650 04 a Основная рубрика история экономических учений
a Основная рубрика экономика
653 0_ a Ключевые слова международные премии
a Ключевые слова Нобелевская премия
a Ключевые слова нобелевские лауреаты
a Ключевые слова платежная матрица
a Ключевые слова равновесие Нэша
a Ключевые слова теория игр
773 18 t Заглавие источника Экономический журнал ВШЭ
d Дата издания источника 2005
g Прочая информация Т. 9, № 4. - С. 566 - 572
w Контрольный № источника RU/IS/BASE/190393739
901 t Тип документа b